|
|
|
|
| LEADER |
00000nab a2200000 ar4500 |
| 001 |
vtls011701223 |
| 003 |
SK-MaSNL |
| 005 |
20260303210758.0 |
| 008 |
170707c2016 xo mr|p|||an |000 b|slo |
| 015 |
|
|
|a SNBRB2017/07
|
| 038 |
|
|
|a SPK
|
| 040 |
|
|
|a SPKCL
|b slo
|c AACR2
|e AACR2
|
| 041 |
0 |
|
|a slo
|b slo
|
| 044 |
|
|
|a xo
|c SK
|
| 072 |
|
7 |
|a 379.8
|x Voľný čas. Prázdniny
|2 konspekt
|
| 080 |
|
|
|a 379.8
|2 2011
|
| 100 |
1 |
|
|a Čavojský, Ivan
|4 aut
|9 259099
|
| 245 |
1 |
0 |
|a Voľný čas a jeho chápanie žiakmi mladšieho školského veku
|c Ivan Čavojský
|
| 246 |
3 |
1 |
|a Leisure and understanding pupils of younger school ages
|
| 300 |
|
|
|b Fotogr.
|
| 504 |
|
|
|a Bibliogr. odkazy
|
| 546 |
|
|
|a Res. slov.
|
| 546 |
|
|
|a Súbežný názov v angličtine
|
| 650 |
0 |
7 |
|a voľný čas
|2 snkbucl
|9 3355
|
| 650 |
0 |
7 |
|a mladší školský vek
|2 snkbucl
|9 381830
|
| 773 |
0 |
|
|t Naša škola
|g Roč. XX., č. 9-10 (2016/17), s. 6-12
|x 1335-2733
|
| 852 |
|
|
|a SPK
|b KIS3GCP
|
| 958 |
|
|
|a NB
|2 spk
|
| 999 |
|
|
|c 2201630
|d 2203560
|